<?xml version="1.0" encoding="UTF-8"?>
<record
    xmlns:xsi="http://www.w3.org/2001/XMLSchema-instance"
    xsi:schemaLocation="http://www.loc.gov/MARC21/slim http://www.loc.gov/standards/marcxml/schema/MARC21slim.xsd"
    xmlns="http://www.loc.gov/MARC21/slim">

  <leader>02224nam a2200337 a 4500</leader>
  <controlfield tag="001">BRCA_2441</controlfield>
  <controlfield tag="005">20190320203818.0</controlfield>
  <controlfield tag="008">181108s1798----sp-a---###---#000-0dspa-u</controlfield>
  <datafield tag="041" ind1=" " ind2=" ">
    <subfield code="a">spa</subfield>
  </datafield>
  <datafield tag="044" ind1=" " ind2=" ">
    <subfield code="a">sp</subfield>
  </datafield>
  <datafield tag="084" ind1=" " ind2=" ">
    <subfield code="a">081</subfield>
    <subfield code="b">.S264</subfield>
    <subfield code="c">1798</subfield>
  </datafield>
  <datafield tag="100" ind1="1" ind2=" ">
    <subfield code="a">Cervantes Saavedra, Miguel de</subfield>
    <subfield code="d">1547-1616</subfield>
    <subfield code="9">213</subfield>
  </datafield>
  <datafield tag="245" ind1="1" ind2="0">
    <subfield code="a">El Ingenioso Hidalgo Don Quixote de la Mancha</subfield>
    <subfield code="c">compuesto por Miguel de Cervantes Saavedra.</subfield>
  </datafield>
  <datafield tag="260" ind1=" " ind2=" ">
    <subfield code="a">Madrid</subfield>
    <subfield code="b">Gabriel de Sancha</subfield>
    <subfield code="c">1798</subfield>
  </datafield>
  <datafield tag="300" ind1=" " ind2=" ">
    <subfield code="a">9 v.</subfield>
    <subfield code="b">il.</subfield>
    <subfield code="c">14 cm.</subfield>
    <subfield code="e">1 mapa</subfield>
  </datafield>
  <datafield tag="500" ind1=" " ind2=" ">
    <subfield code="a">Contenido : v 1. Primera parte. Notas al t&#xED;tulo de la historia. Advertencia sobre las mismas. Texto. -- v 2. Notas. Texto. -- v 3. Notas. Texto. -- v 4. Notas. Texto. -- v 5. Segunda parte. Dedicatoria del autor. Advertencia. Pr&#xF3;logo del autor. Notas. Texto. -- v 6. Notas. Texto. -- v 7. Notas. Texto. -- v 8. Notas. Descripci&#xF3;n greogr&#xE1;fica de los viajes de D. Quixote. Mapa. Texto. -- v 9. Vida de Miguel de Cervantes por J. A. Pellicer</subfield>
  </datafield>
  <datafield tag="500" ind1=" " ind2=" ">
    <subfield code="a">Edici&#xF3;n : Corregido denuevo, con nuevas notas, con nuevas vi&#xF1;etas, con nuevo an&#xE1;lisis, y con la vida del autor  nuevamente aumentada por Juan Antonio Pellicer</subfield>
  </datafield>
  <datafield tag="500" ind1=" " ind2=" ">
    <subfield code="a">Se distingue de la edici&#xF3;n anterior por estar dividida en 9 tomos de menor tama&#xF1;o. Ilustraciones de Paret y Alc&#xE1;ntara, est&#xE1;n grabadas con maestr&#xED;a por Moreno Tejada y Amettler. Tanto por lo que concierne a la parte literaria, como a la tipograf&#xED;a y papel, es superior a la edici&#xF3;n anterior. Lindo ejemplar, bellamente encuadernado y adornado con filetes y florones dorados en las lomeras y cubiertas, los cortes dorados tambi&#xE9;n L&#xFA;dovik Osterc</subfield>
  </datafield>
  <datafield tag="500" ind1=" " ind2=" ">
    <subfield code="a">Con ex-libris de : Francis Beyord Reves</subfield>
  </datafield>
  <datafield tag="500" ind1=" " ind2=" ">
    <subfield code="a">Incluye &#xED;ndice : De las cosas notables</subfield>
  </datafield>
  <datafield tag="500" ind1=" " ind2=" ">
    <subfield code="a">QM61</subfield>
  </datafield>
  <datafield tag="650" ind1="1" ind2="4">
    <subfield code="a">Novela espa&#xF1;ola</subfield>
    <subfield code="y">&#xC9;poca cl&#xE1;sica, 1500-1700</subfield>
    <subfield code="9">215</subfield>
  </datafield>
  <datafield tag="650" ind1="1" ind2="4">
    <subfield code="a">Literatura espa&#xF1;ola</subfield>
    <subfield code="y">&#xC9;poca cl&#xE1;sica, 1500-1700</subfield>
    <subfield code="9">216</subfield>
  </datafield>
  <datafield tag="650" ind1="1" ind2="4">
    <subfield code="a">Novela espa&#xF1;ola</subfield>
    <subfield code="y">Siglo XVII</subfield>
    <subfield code="9">217</subfield>
  </datafield>
  <datafield tag="650" ind1="1" ind2="4">
    <subfield code="a">Don Quijote (Personaje ficticio)</subfield>
    <subfield code="e">Novela</subfield>
    <subfield code="9">218</subfield>
  </datafield>
  <datafield tag="700" ind1="1" ind2=" ">
    <subfield code="a">Pellicer y Pilares, Juan Antonio</subfield>
    <subfield code="d">1738-1806</subfield>
    <subfield code="e">Bi&#xF3;grafo</subfield>
    <subfield code="9">7141</subfield>
  </datafield>
  <datafield tag="700" ind1="1" ind2=" ">
    <subfield code="a">Paret y Alc&#xE1;zar, Luis</subfield>
    <subfield code="d">1746-1799</subfield>
    <subfield code="e">Ilustrador</subfield>
    <subfield code="9">7142</subfield>
  </datafield>
  <datafield tag="740" ind1="0" ind2=" ">
    <subfield code="a">El Ingenioso Hidalgo Don Quijote de la Mancha</subfield>
  </datafield>
  <datafield tag="902" ind1=" " ind2=" ">
    <subfield code="a">QFM</subfield>
  </datafield>
  <datafield tag="942" ind1=" " ind2=" ">
    <subfield code="2">lcc</subfield>
    <subfield code="c">B</subfield>
  </datafield>
  <datafield tag="999" ind1=" " ind2=" ">
    <subfield code="c">2182</subfield>
    <subfield code="d">2182</subfield>
  </datafield>
  <datafield tag="952" ind1=" " ind2=" ">
    <subfield code="0">0</subfield>
    <subfield code="1">0</subfield>
    <subfield code="4">0</subfield>
    <subfield code="7">0</subfield>
    <subfield code="a">BRCA</subfield>
    <subfield code="b">BRCA</subfield>
    <subfield code="d">2008-11-18</subfield>
    <subfield code="i">QM61</subfield>
    <subfield code="l">0</subfield>
    <subfield code="o">081 .S264 1798 (QM61)</subfield>
    <subfield code="p">2438</subfield>
    <subfield code="r">2019-03-22 00:00:00</subfield>
    <subfield code="w">2019-03-22</subfield>
    <subfield code="y">B</subfield>
  </datafield>
</record>
